Kraje po sławnych osobach - Statystyki

Ogólne statystyki
  • Ten quiz został rozwiązany 67 razy
  • Średni wynik to 9 z 10
Statystyki odpowiedzi
Sławne osoby Kraje % Poprawnych
Maradona, Lionel Messi Argentyna
98%
Karol Wojtyła Polska
98%
Bill Gates Stany Zjednoczone
98%
Królowa Elżbieta II, Winston Churchill Wielka Brytania
98%
Albert Einstein, Ludwig Van Beethoven Niemcy
97%
Pelé Brazylia
95%
Wolfgang Amadeus Mozart Austria
93%
Pablo Picasso Hiszpania
92%
Nikola Tesla Serbia
61%
Elon Musk Republika Południowej Afryki
59%
Nie znaleziono quizów pasujących do podanych kryteriów
Rozkład punktacji
Procent ludzi z każdym wynikiem
Percentyl według liczby udzielonych odpowiedzi
Twoja historia wyników
Nie rozwiązałeś tego quizu